Psych Writers - Statistics

General Stats
  • This quiz has been taken 4 times
  • The average score is 4 of 20
Answer Stats
Amount Writer % Correct
16 James Roday
100%
27 Steve Franks
67%
24 Andy Berman
33%
8 Anupam Nigam
33%
12 Bill Callahan
33%
13 Kell Cahoon
33%
17 Saladin K. Patterson
33%
11 Tim Meltreger
33%
12 Todd Harthan
33%
1 Brittany Hilgers
0%
6 Carlos Jacott
0%
2 Daniel Hsia
0%
2 Douglas Steinberg
0%
2 John J. Sakmar
0%
4 Josh Bycel
0%
2 Kerry Lenhart
0%
1 Lee Goldberg
0%
1 Tami Sagher
0%
1 Victoria Walker
0%
1 William Rabkin
0%
No matching quizzes found
Score Distribution
Percent of People with Each Score
Percentile by Number Answered
Your Score History
You have not taken this quiz